00373nam a2200133Ia 4500008004100000020001500041041000800056082001800064100002300082245005100105260006300156300000800219365001200227140306s9999 xx 000 0 und d a8120405293 aeng a658.5bPRO/PR aProkopenko, Joseph aProductivity management : a practical handbook aNew DelhibOxford and IBH Publishing Company Pvt Ltdc1990 a287 bRs. 190